000 00508nam a22001457a 4500
999 _c111596
_d111596
005 20190322112039.0
008 190322b ||||| |||| 00| 0 eng d
040 _cPK-LaUMT
082 _a158.1
_bCAN-K
100 _aCanfield, Jack
245 _aKamyabi ke sonehre usool = کامیابی کے سنہرے اصول/
_cJack Canfield; translated by Riaz Mahmood Anjum جیک کین فیلڈ؛ مترجم ریاض محمود انجم
260 _aLahore :
_bBook Home,
_c2018
300 _a280 p.
942 _cBK